00514nam a2200193 a 4500001001300000003000900013005001700022008004100039020001000080082001800090100002400108245003300132260004200165300000900207500003500216505002400251650002100275700002400296nice12345678IN_TiNIC20260116013512.0050524s1999 dela grp 000 0 eng  ac15800a294.5446bVAS aVasu, Srisa Chandra aDaily Practice of the Hindus aDelhibMunshiram Manoharlal Pubc1999 a198p aincludes index and biblioraphy2 aBibliography, Index aHinduism-Rituals1 aVasu, Srisa Chandra